Dingbat #3 - Statistiques

Statistiques générales
  • Ce quiz a été pris 73 fois
  • Le résultat moyen est 6 sur 16
Statistiques - réponses
Par images Réponse % Correct
Rire jaune
97%
Être fleur bleue
68%
Avoir la main verte
52%
Le clou du spectacle
52%
Être dans la lune
47%
Migraine
37%
Cirrhose
35%
Le rouge et le noir
35%
Quitte ou double
27%
Longueur d'onde
26%
La parole est d'argent mais le silence est d'or
24%
Être dans le rouge
21%
Être né sous une bonne étoile
19%
Un point de côté
15%
La route du Rhum
6%
De retour parmi les siens
2%
Aucun quiz correspondant
Distribution des résultats
% des personnes avec chaque résultat
Percentile par nombre de réponses
Votre historique - résultats
Vous n’avez pas pris ce quiz